[Event "European Senior Chess Championship 2018"]
[Site "Drammen, Norway"]
[Date "2018.08.03"]
[Round "6"]
[White "Kopperud, Vidar Aleksander"]
[Black "Voll, Oddvar U"]
[Result "0-1"]
[WhiteElo "1742"]
[BlackElo "1907"]
[PlyCount "52"]
[EventDate "2018.??.??"]

1. d4 d6 2. c4 Nf6 3. Nc3 Nbd7 4. e4 e5 5. Nf3 Be7 6. Be2 c6 7. O-O h6 8. h3
Qc7 9. Be3 g5 10. Ne1 Nf8 11. Nd3 Ng6 12. dxe5 dxe5 13. Bf3 Nf4 14. Bxf4 gxf4
15. Qe2 Be6 16. b3 O-O-O 17. Kh2 h5 18. Na4 Rdg8 19. Nac5 Bg4 20. b4 Nh7 21.
hxg4 hxg4 22. Bxg4+ Kb8 23. Bh3 Ng5 24. f3 Nxh3 25. gxh3 Rg3 26. Nf2 Qd8
0-1

[Event "European Senior Chess Championship 2018"]
[Site "Drammen, Norway"]
[Date "2018.08.03"]
[Round "6"]
[White "Van Den Bersselaar, Henri"]
[Black "Evensen, Per-Erik"]
[Result "1-0"]
[WhiteElo "1897"]
[BlackElo "1447"]
[PlyCount "135"]
[EventDate "2018.??.??"]

1. d4 Nf6 2. e3 e6 3. Bd3 d5 4. Nd2 c5 5. c3 Nc6 6. f4 Be7 7. Ngf3 O-O 8. Ne5
cxd4 9. exd4 Nd7 10. O-O f6 11. Qh5 f5 12. Nxd7 Bxd7 13. Nf3 Be8 14. Qh3 Rc8
15. Re1 Bd7 16. Bd2 Rf6 17. g3 Rh6 18. Qf1 Rf6 19. Re2 h6 20. Rae1 Qb6 21. b4
a6 22. a3 Nd8 23. Ne5 Bb5 24. Bxb5 Qxb5 25. Re3 Qxf1+ 26. Kxf1 Bd6 27. Nf3 Rc7
28. Bc1 g6 29. Bb2 Re7 30. Nd2 g5 31. Rf3 gxf4 32. gxf4 Rg6 33. Kf2 Reg7 34.
Ke3 Rg2 35. h3 R7g3 36. Bc1 h5 37. c4 dxc4 38. Nxc4 Bc7 39. Ne5 Nf7 40. Ref1
Nd6 41. Rxg3+ Rxg3+ 42. Rf3 Rxf3+ 43. Kxf3 Ne4 44. Nd3 Kf7 45. Bb2 Nd2+ 46. Ke3
Nc4+ 47. Kf3 Nd2+ 48. Ke2 Nc4 49. Bc1 Bb6 50. Nc5 Nd6 51. Kd3 Bc7 52. Be3 a5
53. Bd2 axb4 54. Bxb4 Nb5 55. Nxb7 Bxf4 56. a4 Na7 57. Bd6 Bxd6 58. Nxd6+ Kf6
59. h4 Nc6 60. Nc4 Nb4+ 61. Ke2 Nd5 62. a5 f4 63. a6 Nc7 64. a7 Kf5 65. Kf3 Na8
66. Nd6+ Kf6 67. Kxf4 Nc7 68. Ne8+
1-0

[Event "European Senior Chess Championship 2018"]
[Site "Drammen, Norway"]
[Date "2018.08.03"]
[Round "6"]
[White "Syvertsen, Rolf E"]
[Black "Hanssen, John Christian"]
[Result "1-0"]
[WhiteElo "1884"]
[BlackElo "1570"]
[PlyCount "95"]
[EventDate "2018.??.??"]

1. d4 d5 2. Bf4 Nf6 3. e3 Bg4 4. f3 Bd7 5. Bd3 e6 6. e4 dxe4 7. fxe4 c5 8. c3
Nc6 9. Nf3 cxd4 10. cxd4 Qb6 11. Be3 Qxb2 12. Nbd2 Bb4 13. Rb1 Qa3 14. Qe2 Qa5
15. O-O Qc7 16. Rfc1 Bxd2 17. Bxd2 O-O 18. Bb4 Rfc8 19. e5 Nd5 20. Bd6 Qd8 21.
Rxb7 Nf4 22. Qe4 Nxd3 23. Qxd3 a5 24. h4 Nb4 25. Qd2 Rxc1+ 26. Qxc1 Rc8 27. Qb1
Nd5 28. Ng5 g6 29. Qf1 Qe8 30. Ne4 Qd8 31. Ra7 Qxh4 32. Nc5 Qxd4+ 33. Qf2 Qxf2+
34. Kxf2 Bb5 35. Rxa5 Bc4 36. Nd7 Nc3 37. Nf6+ Kh8 38. Ra7 Kg7 39. a4 Nd5 40.
Nd7 Bb3 41. Nc5 Bc4 42. a5 Nc3 43. Rb7 Nb5 44. Be7 Ra8 45. a6 Na3 46. a7 h5 47.
Rb8 Rxa7 48. Bf6+
1-0

[Event "European Senior Chess Championship 2018"]
[Site "Drammen, Norway"]
[Date "2018.08.03"]
[Round "6"]
[White "Jorgensen, Asle"]
[Black "Gonzalez Pabollet, Jesus Maria S"]
[Result "0-1"]
[WhiteElo "1628"]
[BlackElo "1818"]
[PlyCount "112"]
[EventDate "2018.??.??"]

1. e4 d6 2. d4 Nf6 3. Nc3 g6 4. Nf3 Bg7 5. Bc4 O-O 6. h3 Nfd7 7. Be3 b6 8. Qd2
Ba6 9. Bxa6 Nxa6 10. Bh6 c5 11. Bxg7 Kxg7 12. d5 Nc7 13. a4 a6 14. O-O b5 15.
b4 f6 16. bxc5 b4 17. Ne2 dxc5 18. Nf4 Ne5 19. Qe3 Nxf3+ 20. gxf3 Qd6 21. Rfd1
Rac8 22. Ng2 Rfd8 23. c4 e5 24. h4 h6 25. f4 Ne8 26. h5 g5 27. Qh3 Qd7 28. f5
Nd6 29. Qd3 Qf7 30. Re1 Qxh5 31. Re3 Qf7 32. Rg3 Kh7 33. f3 Rg8 34. Kf2 Rg7 35.
Rh1 Rh8 36. Rgh3 Kg8 37. Rxh6 Rgh7 38. Rxh7 Rxh7 39. Rxh7 Qxh7 40. Ne3 Qh2+ 41.
Ng2 Qh1 42. Qe3 Qa1 43. Qxc5 Qd4+ 44. Qxd4 exd4 45. Ne1 Nxc4 46. Ke2 b3 47. Nd3
b2 48. Nxb2 Nxb2 49. a5 Kf7 50. Kd2 Ke7 51. Kc2 Nc4 52. Kd3 Nxa5 53. Kxd4 Kd6
54. e5+ fxe5+ 55. Ke4 Nb7 56. f6 Nd8
0-1

[Event "European Senior Chess Championship 2018"]
[Site "Drammen, Norway"]
[Date "2018.08.03"]
[Round "6"]
[White "Gunnarsson, Lennart"]
[Black "Andersen, Guttorm"]
[Result "1/2-1/2"]
[WhiteElo "1771"]
[BlackElo "1767"]
[PlyCount "103"]
[EventDate "2018.??.??"]

1. d4 Nf6 2. c4 e6 3. Nc3 d5 4. Bg5 c6 5. e3 Nbd7 6. Nf3 Qa5 7. Bxf6 Nxf6 8.
Nd2 Bd6 9. Bd3 Qc7 10. Nf3 O-O 11. O-O dxc4 12. Bxc4 Nd5 13. e4 Nxc3 14. bxc3
b5 15. Bd3 Bb7 16. e5 Be7 17. Qc2 h6 18. a4 bxa4 19. Rxa4 c5 20. Bh7+ Kh8 21.
Be4 Rfc8 22. Bxb7 Qxb7 23. Qa2 cxd4 24. cxd4 Rc3 25. h3 Bd8 26. Ra3 Rxa3 27.
Qxa3 Bb6 28. Rd1 Rd8 29. Qa2 Rd5 30. Rd3 Qd7 31. Qc4 a5 32. Kf1 Kg8 33. Ke2 Kf8
34. Ke3 Ke7 35. Qb3 Ba7 36. Qa3+ Ke8 37. g4 g5 38. Qc3 Kf8 39. Qa3+ Kg7 40. Qc3
f6 41. exf6+ Kxf6 42. Ke2 Qd6 43. Qc8 Qd8 44. Qb7 Qd7 45. Qa8 Kg7 46. Ne5 Qc7
47. Qe8 Rxe5+ 48. dxe5 Qc2+ 49. Rd2 Qe4+ 50. Kd1 Qb1+ 51. Ke2 Qe4+ 52. Kd1
1/2-1/2

[Event "European Senior Chess Championship 2018"]
[Site "Drammen, Norway"]
[Date "2018.08.03"]
[Round "6"]
[White "Hansen, Roy Drange"]
[Black "Lystad, Frank"]
[Result "0-1"]
[WhiteElo "1468"]
[BlackElo "1733"]
[PlyCount "90"]
[EventDate "2018.??.??"]

1. e4 d6 2. Nf3 Nf6 3. d3 e5 4. Be2 Be7 5. O-O Nc6 6. c3 Bg4 7. a4 O-O 8. Nbd2
Re8 9. b4 a6 10. h3 Bd7 11. Qb3 Be6 12. Qb2 h6 13. d4 exd4 14. Nxd4 Nxd4 15.
cxd4 d5 16. e5 Nh7 17. f4 Qd7 18. Kh2 f6 19. Bh5 Rf8 20. Nf3 f5 21. Qb1 Bf7 22.
Bxf7+ Rxf7 23. Re1 Qe6 24. Bd2 g5 25. g3 Rg7 26. Ng1 Kh8 27. Ne2 Rag8 28. Rg1
h5 29. fxg5 Nxg5 30. Qd3 Ne4 31. Be1 Bg5 32. h4 Bh6 33. Qf3 Rg4 34. Ra3 Qg6 35.
Qf1 f4 36. Kh3 Qf5 37. Kh2 fxg3+ 38. Bxg3 Nxg3 39. Qxf5 Nxf5 40. Rxg4 Rxg4 41.
Rf3 Rxh4+ 42. Kg2 Nxd4 43. Nxd4 Rxd4 44. Rf5 Rg4+ 45. Kh3 Rg5
0-1

[Event "European Senior Chess Championship 2018"]
[Site "Drammen, Norway"]
[Date "2018.08.03"]
[Round "6"]
[White "Bergquist, Rune"]
[Black "Skar, Oystein"]
[Result "0-1"]
[WhiteElo "1566"]
[BlackElo "1705"]
[PlyCount "70"]
[EventDate "2018.??.??"]

1. d4 f5 2. c4 e6 3. Nc3 Nf6 4. g3 Bb4 5. Bg2 O-O 6. e3 d6 7. Nge2 Nbd7 8. a3
Bxc3+ 9. Nxc3 e5 10. O-O e4 11. b4 c6 12. Qb3 Kh8 13. Bb2 Qe8 14. Ne2 d5 15.
Nf4 dxc4 16. Qxc4 Nb6 17. Qb3 Nfd5 18. Nxd5 Nxd5 19. Rac1 Be6 20. Qc2 Qh5 21.
Rfe1 h6 22. Qe2 Qxe2 23. Rxe2 a5 24. b5 cxb5 25. Rc5 b4 26. axb4 axb4 27. Rec2
Ra2 28. Rb5 b6 29. Bf1 Ra5 30. Bc4 Rc8 31. Rxa5 bxa5 32. Bb3 Rxc2 33. Bxc2 Nb6
34. Kf1 a4 35. Bb1 Nc4
0-1

[Event "European Senior Chess Championship 2018"]
[Site "Drammen, Norway"]
[Date "2018.08.03"]
[Round "6"]
[White "Lillebo, Hakon"]
[Black "Warstad, Leif E"]
[Result "1-0"]
[WhiteElo "1637"]
[BlackElo "1564"]
[PlyCount "53"]
[EventDate "2018.??.??"]

1. d4 Nf6 2. Nf3 d5 3. e3 e6 4. Bd3 Bd6 5. O-O O-O 6. Nbd2 c5 7. c3 Nc6 8. dxc5
Bxc5 9. e4 Qc7 10. exd5 exd5 11. Re1 Bg4 12. h3 Bh5 13. Qc2 Bg6 14. Nb3 Bb6 15.
Be3 Bxd3 16. Qxd3 Rad8 17. Nbd4 Rfe8 18. Nb5 Qd7 19. Bxb6 axb6 20. Rxe8+ Rxe8
21. Rd1 Rd8 22. a4 h6 23. Qe3 Na5 24. Qd4 Qc6 25. Ne5 Qe6 26. b4 Nc4 27. Nxc4
1-0

[Event "European Senior Chess Championship 2018"]
[Site "Drammen, Norway"]
[Date "2018.08.03"]
[Round "6"]
[White "Larsen, Per Magnus"]
[Black "Frimanslund, Berge"]
[Result "0-1"]
[WhiteElo "1322"]
[BlackElo "1521"]
[PlyCount "113"]
[EventDate "2018.??.??"]

1. d4 d5 2. c4 e5 3. dxe5 d4 4. Nf3 Bb4+ 5. Bd2 Bxd2+ 6. Qxd2 c5 7. Na3 Ne7 8.
e3 Nbc6 9. Nb5 O-O 10. exd4 cxd4 11. Nbxd4 Nxd4 12. Nxd4 Qc7 13. O-O-O Qxe5 14.
Nf3 Qf6 15. Qd6 Be6 16. Qe5 Qh6+ 17. Qg5 Nf5 18. Qxh6 Nxh6 19. h3 Rac8 20. b3
b5 21. Nd2 Nf5 22. Bd3 Nd6 23. Kb2 bxc4 24. Nxc4 Nxc4+ 25. Bxc4 Bxc4 26. bxc4
Rxc4 27. Rhe1 Rb8+ 28. Ka3 Rc2 29. Rb1 Rd8 30. Rb2 Rc6 31. Rb4 h6 32. Re2 Rd3+
33. Kb2 Ra6 34. a4 Ra5 35. Rc2 Rg5 36. g3 Rf5 37. Rb3 Rd4 38. Ka3 Ra5 39. Rb4
Rd3+ 40. Rb3 Rd7 41. Rb5 Ra6 42. Rbc5 Rf6 43. f4 Rfd6 44. Kb3 Rd1 45. Kb2 Rh1
46. h4 Rg1 47. R5c3 Rb7+ 48. Ka3 Ra1+ 49. Ra2 Rab1 50. Rac2 a5 51. g4 R7b4 52.
g5 hxg5 53. hxg5 Ra1+ 54. Ra2 Rxa2+ 55. Kxa2 Rxa4+ 56. Ra3 Rxa3+ 57. Kxa3
0-1

[Event "European Senior Chess Championship 2018"]
[Site "Drammen, Norway"]
[Date "2018.08.03"]
[Round "7"]
[White "Blomstrom, Lars"]
[Black "Agdestein, Simen"]
[Result "0-1"]
[WhiteElo "2167"]
[BlackElo "2576"]
[PlyCount "54"]
[EventDate "2018.??.??"]

1. e4 e6 2. d4 d5 3. e5 c5 4. c3 Nc6 5. Nf3 Bd7 6. Be2 Nge7 7. Na3 cxd4 8. cxd4
Ng6 9. Nc2 f6 10. exf6 gxf6 11. O-O Bd6 12. b4 Qe7 13. Rb1 Qg7 14. Re1 Nce7 15.
b5 h5 16. Nb4 Kf7 17. Bf1 Rag8 18. a4 Nf5 19. Nd3 Qf8 20. Bd2 h4 21. Bb4 Bxb4
22. Nxb4 Nf4 23. g3 hxg3 24. fxg3 Qg7 25. Rb3 Nxg3 26. Ne5+ fxe5 27. Rxg3 Qh6
0-1

[Event "European Senior Chess Championship 2018"]
[Site "Drammen, Norway"]
[Date "2018.08.03"]
[Round "7"]
[White "Rishovd, Svein"]
[Black "Elseth, Roar"]
[Result "0-1"]
[WhiteElo "2046"]
[BlackElo "2311"]
[PlyCount "56"]
[EventDate "2018.??.??"]

1. d4 Nf6 2. c4 e6 3. Nc3 d5 4. cxd5 Nxd5 5. e4 Nxc3 6. bxc3 c5 7. Rb1 cxd4 8.
cxd4 Nc6 9. Nf3 Bb4+ 10. Bd2 Bxd2+ 11. Qxd2 O-O 12. Be2 b6 13. O-O Bb7 14. Rfd1
Rc8 15. Qe3 Na5 16. Bd3 Qe7 17. h4 Rfd8 18. h5 h6 19. g4 Rc3 20. e5 Qa3 21. g5
Nc4 22. Qe2 Bxf3 23. Qxf3 Nxe5 24. Qg3 Rxd3 25. Qxe5 Rxd1+ 26. Rxd1 Qf3 27. Rc1
Qg4+ 28. Kf1 hxg5
0-1

[Event "European Senior Chess Championship 2018"]
[Site "Drammen, Norway"]
[Date "2018.08.03"]
[Round "7"]
[White "Krohg, Georg A"]
[Black "Blechzin, Igor"]
[Result "0-1"]
[WhiteElo "1956"]
[BlackElo "2250"]
[PlyCount "66"]
[EventDate "2018.??.??"]

1. d4 Nf6 2. Nf3 g6 3. c4 Bg7 4. g3 O-O 5. Bg2 d6 6. O-O Nc6 7. Nc3 Bf5 8. d5
Na5 9. Nd2 c6 10. e4 Bg4 11. Qc2 cxd5 12. cxd5 Rc8 13. Qd3 Nd7 14. f4 Qb6+ 15.
Kh1 Nc5 16. Qe3 Qa6 17. f5 Qd3 18. Ndb1 gxf5 19. h3 Nc4 20. Qe1 fxe4 21. hxg4
e3 22. b3 Nd2 23. Bxd2 exd2 24. Qxe7 Bxc3 25. Nxc3 Qxc3 26. Rad1 Rce8 27. Qg5+
Qg7 28. Qxg7+ Kxg7 29. Rxd2 Re3 30. Kh2 Nd3 31. Rf3 Ne5 32. Rf4 Rc8 33. Be4
Rxe4
0-1

[Event "European Senior Chess Championship 2018"]
[Site "Drammen, Norway"]
[Date "2018.08.03"]
[Round "7"]
[White "Voll, Oddvar U"]
[Black "Biro, Sandor"]
[Result "0-1"]
[WhiteElo "1907"]
[BlackElo "2193"]
[PlyCount "42"]
[EventDate "2018.??.??"]

1. e4 g6 2. d4 Bg7 3. Nc3 a6 4. Be3 b5 5. a3 d6 6. Qd2 Nd7 7. Nf3 c6 8. Rd1 Bb7
9. Be2 e6 10. O-O Qe7 11. Ne1 f5 12. exf5 exf5 13. Nd3 Ngf6 14. f3 O-O 15. a4
Nb6 16. b3 bxa4 17. Nxa4 Nxa4 18. bxa4 Rae8 19. Kf2 Nd5 20. Bg5 Bxd4+ 21. Ke1
Qc7
0-1

[Event "European Senior Chess Championship 2018"]
[Site "Drammen, Norway"]
[Date "2018.08.03"]
[Round "7"]
[White "Andersen, Guttorm"]
[Black "Eriksen, Terje"]
[Result "0-1"]
[WhiteElo "1767"]
[BlackElo "2142"]
[PlyCount "68"]
[EventDate "2018.??.??"]

1. d4 Nf6 2. e3 g6 3. c4 Bg7 4. Nf3 O-O 5. Nc3 d6 6. Be2 Nbd7 7. Rb1 e5 8. dxe5
dxe5 9. e4 c6 10. O-O Qc7 11. Qc2 Nc5 12. Nd2 Ne6 13. Nf3 Nd4 14. Qd1 Rd8 15.
Bd3 Bg4 16. Be3 Nxf3+ 17. gxf3 Bxf3 18. Qxf3 Rxd3 19. Qe2 Rd7 20. f3 b6 21. b3
Nh5 22. Kh1 Rad8 23. Qc2 Qd6 24. Rbe1 Qe6 25. Rg1 Bf8 26. Qf2 Bb4 27. Rc1 Qh3
28. Rc2 Nf4 29. Ne2 Nd3 30. Qg3 Qxg3 31. Nxg3 f6 32. h4 Kf7 33. Ne2 Ne1 34. a3
Nxc2
0-1

[Event "European Senior Chess Championship 2018"]
[Site "Drammen, Norway"]
[Date "2018.08.03"]
[Round "7"]
[White "Sielicki, Tomasz"]
[Black "Harstad, Christian"]
[Result "1/2-1/2"]
[WhiteElo "1956"]
[BlackElo "1985"]
[PlyCount "82"]
[EventDate "2018.??.??"]

1. d4 Nf6 2. c4 c5 3. d5 e6 4. Nc3 exd5 5. cxd5 d6 6. e4 g6 7. f4 Bg7 8. Bb5+
Nfd7 9. a4 O-O 10. Nf3 Na6 11. O-O Nc7 12. Bc4 a6 13. Kh1 Rb8 14. e5 b5 15.
exd6 Ne8 16. axb5 Nxd6 17. Bd3 axb5 18. f5 c4 19. Bc2 b4 20. Ne2 Bb7 21. fxg6
hxg6 22. Qd2 Nb6 23. Qxb4 Nxd5 24. Qd2 Qb6 25. Qa5 Qxa5 26. Rxa5 Nb4 27. Bb1
Bxf3 28. gxf3 Rb5 29. Ra4 Nd3 30. Bxd3 cxd3 31. Nf4 Bxb2 32. Nxd3 Bxc1 33. Rxc1
Rb3 34. Rd4 Nf5 35. Rd7 Rbb8 36. Rcc7 Rbd8 37. Ne5 Rxd7 38. Rxd7 Kg7 39. f4 Kf6
40. Ra7 Kg7 41. Kg2 Nh6
1/2-1/2

[Event "European Senior Chess Championship 2018"]
[Site "Drammen, Norway"]
[Date "2018.08.03"]
[Round "7"]
[White "Andersson, Kjell-Ake"]
[Black "Stubrud, Jan Magne"]
[Result "1/2-1/2"]
[WhiteElo "1940"]
[BlackElo "1667"]
[PlyCount "60"]
[EventDate "2018.??.??"]

1. c4 e5 2. Nc3 Nc6 3. g3 f5 4. d3 Nf6 5. Bg2 Bb4 6. Bd2 O-O 7. e3 d6 8. Nge2
Kh8 9. O-O a6 10. a3 Ba5 11. b4 Bb6 12. Rc1 Rb8 13. Qc2 Qe8 14. Nd5 Nxd5 15.
cxd5 Ne7 16. a4 c6 17. dxc6 bxc6 18. Bc3 Rf6 19. d4 Be6 20. Qb2 exd4 21. Nxd4
Bxd4 22. Bxd4 Rf7 23. Qd2 Nd5 24. Rb1 Rfb7 25. Bc3 Nxc3 26. Qxc3 d5 27. Rfc1
Bd7 28. Qd4 Qe7 29. Rc5 h6 30. a5 Rb5
1/2-1/2

[Event "European Senior Chess Championship 2018"]
[Site "Drammen, Norway"]
[Date "2018.08.03"]
[Round "7"]
[White "Johansen, Arild"]
[Black "Kopperud, Vidar Aleksander"]
[Result "1-0"]
[WhiteElo "1935"]
[BlackElo "1742"]
[PlyCount "111"]
[EventDate "2018.??.??"]

1. Nf3 c5 2. c4 d6 3. g3 Nf6 4. Bg2 g6 5. O-O Bg7 6. Nc3 O-O 7. d4 Nbd7 8. b3
Rb8 9. Bb2 a6 10. a4 cxd4 11. Nxd4 Nc5 12. b4 Ne6 13. Nd5 Nxd5 14. cxd5 Nxd4
15. Bxd4 b5 16. Bxg7 Kxg7 17. Qd4+ f6 18. a5 Qd7 19. Rac1 Bb7 20. h4 Rfc8 21.
Kh2 Rxc1 22. Rxc1 Kg8 23. Bh3 f5 24. e4 Rc8 25. Rc3 Rxc3 26. Qxc3 Qc8 27. Qxc8+
Bxc8 28. f4 e6 29. dxe6 Bxe6 30. Kg1 Kf7 31. exf5 gxf5 32. Kf2 d5 33. Ke3 Ke7
34. Kd4 Kd6 35. Bf1 Bd7 36. Be2 h6 37. Bh5 Bc6 38. Bg6 Bd7 39. Bf7 Bc6 40. Bg8
Bb7 41. Bh7 Bc8 42. Bg6 Bd7 43. Bh5 Be6 44. Bf3 Bf7 45. g4 fxg4 46. Bxg4 Be6
47. f5 Bd7 48. Bf3 Bxf5 49. Bxd5 Bc8 50. Bf3 Bd7 51. Bb7 Be8 52. Bxa6 Bc6 53.
Bc8 Bf3 54. a6 Kc7 55. Bb7 Be2 56. Kc5
1-0

[Event "European Senior Chess Championship 2018"]
[Site "Drammen, Norway"]
[Date "2018.08.03"]
[Round "7"]
[White "Skar, Oystein"]
[Black "Van Den Bersselaar, Henri"]
[Result "0-1"]
[WhiteElo "1705"]
[BlackElo "1897"]
[PlyCount "92"]
[EventDate "2018.??.??"]

1. e4 d5 2. exd5 Qxd5 3. Nf3 Bg4 4. Be2 Nc6 5. d4 O-O-O 6. c4 Qh5 7. O-O e6 8.
h3 Bxf3 9. Bxf3 Qa5 10. Bxc6 bxc6 11. Qf3 Nf6 12. Be3 c5 13. dxc5 Bxc5 14. Nc3
Bxe3 15. Qxe3 Qb6 16. Qf3 Rd2 17. Qa8+ Qb8 18. Qxb8+ Kxb8 19. b3 Rhd8 20. Rfd1
Kc8 21. Rac1 a5 22. Kf1 e5 23. Ke1 R2d3 24. Ke2 R3d4 25. Nb5 R4d7 26. Rxd7 Rxd7
27. Nc3 c6 28. Rd1 Rd4 29. c5 Ne4 30. Nxe4 Rxe4+ 31. Kf3 Rf4+ 32. Ke3 a4 33. g3
Rb4 34. Rd3 axb3 35. axb3 f5 36. Kd2 Rb5 37. Rc3 Kd7 38. Kd3 Rb4 39. Kc2 Ke6
40. Rd3 Rd4 41. Rxd4 exd4 42. Kd3 Kd5 43. b4 g5 44. f3 f4 45. gxf4 gxf4 46. h4
h5
0-1

[Event "European Senior Chess Championship 2018"]
[Site "Drammen, Norway"]
[Date "2018.08.03"]
[Round "7"]
[White "Lystad, Frank"]
[Black "Gonzalez Pabollet, Jesus Maria S"]
[Result "1/2-1/2"]
[WhiteElo "1733"]
[BlackElo "1818"]
[PlyCount "46"]
[EventDate "2018.??.??"]

1. d4 Nf6 2. Bf4 e6 3. e3 b6 4. Nf3 Bb7 5. Nbd2 Be7 6. Bd3 d5 7. c3 Nbd7 8. h3
a6 9. Bh2 c5 10. Qe2 b5 11. e4 cxd4 12. Nxd4 Nc5 13. e5 Nxd3+ 14. Qxd3 Ne4 15.
N2f3 O-O 16. O-O Qc8 17. a3 Qd7 18. Rfe1 Bc5 19. Bf4 Bb6 20. Be3 Nc5 21. Qe2
Qc7 22. Rab1 Ne4 23. Qd3 Nc5
1/2-1/2

[Event "European Senior Chess Championship 2018"]
[Site "Drammen, Norway"]
[Date "2018.08.03"]
[Round "7"]
[White "Hanssen, John Christian"]
[Black "Gunnarsson, Lennart"]
[Result "1/2-1/2"]
[WhiteElo "1570"]
[BlackElo "1771"]
[PlyCount "52"]
[EventDate "2018.??.??"]

1. d4 Nf6 2. c4 c5 3. d5 b5 4. cxb5 a6 5. bxa6 Bxa6 6. Nc3 g6 7. e4 Bxf1 8.
Kxf1 d6 9. f3 Bg7 10. Nge2 O-O 11. Be3 Nbd7 12. Qd2 Ne5 13. b3 c4 14. bxc4 Nxc4
15. Qd3 Nxe3+ 16. Qxe3 Nd7 17. Kf2 Ra3 18. Rhc1 Qa5 19. Rab1 Rc8 20. Rb3 Nc5
21. Rxa3 Qxa3 22. h3 Qa6 23. Kf1 Nd3 24. Rc2 Nb4 25. Rc1 Nd3 26. Rc2 Nb4
1/2-1/2

[Event "European Senior Chess Championship 2018"]
[Site "Drammen, Norway"]
[Date "2018.08.03"]
[Round "7"]
[White "Lillebo, Hakon"]
[Black "Hansen, Roy Drange"]
[Result "0-1"]
[WhiteElo "1637"]
[BlackElo "1468"]
[PlyCount "130"]
[EventDate "2018.??.??"]

1. d4 d5 2. Nf3 Nf6 3. e3 e6 4. Bd3 Bd6 5. O-O O-O 6. Nbd2 Re8 7. c3 Nbd7 8. e4
dxe4 9. Nxe4 Nxe4 10. Bxe4 Nf8 11. Be3 c6 12. Qc2 f6 13. Rad1 Qc7 14. Qb3 Bd7
15. Rfe1 Kh8 16. Bb1 Re7 17. c4 Rae8 18. c5 Bf4 19. Bxf4 Qxf4 20. Re4 Qc7 21.
Qc2 e5 22. Qe2 Bf5 23. Re3 Bxb1 24. Rxb1 e4 25. Nd2 f5 26. Nc4 Ne6 27. Nd6 Rf8
28. Rd1 Nf4 29. Qe1 Nd5 30. Rh3 Rf6 31. Qd2 Qd7 32. Qg5 h6 33. Rh5 Kg8 34. Qd2
Qe6 35. Rh3 f4 36. Qa5 a6 37. Kf1 f3 38. Rg3 fxg2+ 39. Kxg2 Rg6 40. Qa3 Rg4 41.
Re1 Rf4 42. Nc4 Qf6 43. Ne5 Rxf2+ 44. Kg1 Rxh2 45. Rf1 Rh1+ 46. Kxh1 Qxf1+ 47.
Kh2 Qf2+ 48. Rg2 Qxd4 49. Ng4 Re6 50. Qh3 Nf4 51. Nxh6+ Rxh6 52. Qxh6 Nxg2 53.
Qe6+ Kf8 54. Qc8+ Ke7 55. Qxb7+ Qd7 56. Qxd7+ Kxd7 57. Kxg2 Ke6 58. Kf2 Ke5 59.
b4 g5 60. a4 Kd4 61. b5 Kxc5 62. bxa6 Kb6 63. a7 Kxa7 64. Ke3 Ka6 65. Kxe4 Ka5
0-1

[Event "European Senior Chess Championship 2018"]
[Site "Drammen, Norway"]
[Date "2018.08.03"]
[Round "7"]
[White "Frimanslund, Berge"]
[Black "Jorgensen, Asle"]
[Result "1-0"]
[WhiteElo "1521"]
[BlackElo "1628"]
[PlyCount "53"]
[EventDate "2018.??.??"]

1. d4 d5 2. c4 Nf6 3. Nc3 e6 4. cxd5 exd5 5. e3 c6 6. Nf3 Bb4 7. a3 Bd6 8. Bd3
Qc7 9. h3 O-O 10. b4 Re8 11. O-O a5 12. b5 c5 13. Bb2 b6 14. a4 c4 15. Bc2 h6
16. Qd2 Bd7 17. Rad1 Qc8 18. Ne5 Bxe5 19. dxe5 Rxe5 20. f4 Rh5 21. Rf3 Ne4 22.
Nxe4 dxe4 23. Bxe4 Ra7 24. Rg3 g5 25. Qd4 f6 26. Qxf6 Qf8 27. Qg6+
1-0

[Event "European Senior Chess Championship 2018"]
[Site "Drammen, Norway"]
[Date "2018.08.03"]
[Round "7"]
[White "Bergquist, Rune"]
[Black "Lie, Bjorn"]
[Result "1/2-1/2"]
[WhiteElo "1566"]
[BlackElo "1551"]
[PlyCount "47"]
[EventDate "2018.??.??"]

1. d4 Nf6 2. c4 g6 3. Nc3 d5 4. cxd5 Nxd5 5. e4 Nxc3 6. bxc3 Bg7 7. Bc4 c5 8.
Ne2 O-O 9. Be3 cxd4 10. cxd4 Nc6 11. Rc1 Bg4 12. f3 Bd7 13. h4 h5 14. Nf4 Kh7
15. e5 Qa5+ 16. Qd2 Qxd2+ 17. Kxd2 Bh6 18. Nd5 Nxd4 19. Bxh6 Kxh6 20. Ke3 Nf5+
21. Kf4 Nxh4 22. g4 g5+ 23. Kg3 f5 24. exf6
1/2-1/2

[Event "European Senior Chess Championship 2018"]
[Site "Drammen, Norway"]
[Date "2018.08.03"]
[Round "7"]
[White "Warstad, Leif E"]
[Black "Larsen, Per Magnus"]
[Result "1-0"]
[WhiteElo "1564"]
[BlackElo "1322"]
[PlyCount "77"]
[EventDate "2018.??.??"]

1. d4 d5 2. Nf3 e6 3. c4 dxc4 4. Nc3 a6 5. a4 Nf6 6. e4 c6 7. Bxc4 Qc7 8. O-O
Be7 9. Bg5 h6 10. Bh4 Nbd7 11. Qe2 Nb6 12. Bd3 O-O 13. Bg3 Qd8 14. Rfd1 Nh5 15.
a5 Nxg3 16. hxg3 Nd7 17. e5 Qe8 18. Ne4 f5 19. Nd6 Bxd6 20. exd6 Nf6 21. Re1
Qh5 22. Bc4 Re8 23. Ne5 Qxe2 24. Rxe2 Kf8 25. Rae1 Nd7 26. Ng6+ Kg8 27. Ne7+
Rxe7 28. dxe7 Nf6 29. Bxe6+ Bxe6 30. Rxe6 Re8 31. f3 Kf7 32. Kf2 Nd5 33. f4 Nb4
34. R1e2 Nd3+ 35. Kf3 Nxb2 36. Rd6 Rxe7 37. Rxb2 g5 38. g4 fxg4+ 39. Kxg4
1-0

[Event "European Senior Chess Championship 2018"]
[Site "Drammen, Norway"]
[Date "2018.08.03"]
[Round "7"]
[White "Syvertsen, Finn"]
[Black "Eng, Thor"]
[Result "0-1"]
[WhiteElo "1426"]
[BlackElo "1429"]
[PlyCount "87"]
[EventDate "2018.??.??"]

1. e4 e6 2. d4 d5 3. e5 c5 4. c3 Nc6 5. Bb5 a6 6. Bxc6+ bxc6 7. Nf3 Qb6 8. O-O
cxd4 9. cxd4 Ne7 10. Nc3 Nf5 11. Ne2 c5 12. dxc5 Bxc5 13. Qb3 Qc7 14. Qa4+ Bd7
15. Qg4 O-O 16. Bf4 Be7 17. Qh3 f6 18. Rfc1 Qd8 19. g4 Nh6 20. Bxh6 gxh6 21.
Qxh6 fxe5 22. Nxe5 Bg5 23. Qh3 Bb5 24. Nc6 Qf6 25. f4 Bxe2 26. Re1 Bb5 27. Ne5
Qxf4 28. Nd3 Qd4+ 29. Nf2 Qxf2+ 30. Kh1 Bd3 31. Qxd3 Bf4 32. Re2 Qh4 33. h3 Rf6
34. Rg1 Bg5 35. Qg3 Qxg3 36. Rxg3 Raf8 37. Kg2 Bh4 38. Rge3 Rf2+ 39. Rxf2 Rxf2+
40. Kg1 d4 41. Rxe6 d3 42. Rxa6 d2 43. Rd6 Re2 44. Kf1
0-1

[Event "European Senior Chess Championship 2018"]
[Site "Drammen, Norway"]
[Date "2018.08.03"]
[Round "8"]
[White "Agdestein, Simen"]
[Black "Bjerke, Richard"]
[Result "1-0"]
[WhiteElo "2576"]
[BlackElo "2141"]
[PlyCount "81"]
[EventDate "2018.??.??"]

1. c4 e5 2. Nc3 Nf6 3. g3 d5 4. cxd5 Nxd5 5. Bg2 Nb6 6. e3 Be7 7. Nge2 O-O 8.
O-O c6 9. f4 exf4 10. gxf4 Bg4 11. h3 Bh5 12. Qb3 Bh4 13. f5 Bxe2 14. Nxe2 N8d7
15. Nf4 Nf6 16. a4 Qd7 17. a5 Nbd5 18. Nd3 Qe7 19. Ra4 Bg3 20. e4 Nf4 21. Nxf4
Bxf4 22. Rxf4 Qc5+ 23. d4 Qxc1+ 24. Rf1 Qg5 25. Kh2 Rad8 26. Qg3 Qd2 27. e5 Nd5
28. f6 g6 29. Rf2 Qc1 30. Bxd5 Rxd5 31. Qc3 Qxc3 32. bxc3 c5 33. Rb2 Rb8 34.
Rc4 cxd4 35. Rxb7 Rf8 36. cxd4 Rxa5 37. Rcc7 Ra2+ 38. Kg3 Re2 39. Kf3 Re1 40.
Rxa7 h6 41. h4 
1-0

[Event "European Senior Chess Championship 2018"]
[Site "Drammen, Norway"]
[Date "2018.08.03"]
[Round "8"]
[White "Eriksen, Terje"]
[Black "Kirppo, Ronny"]
[Result "1-0"]
[WhiteElo "2142"]
[BlackElo "1885"]
[PlyCount "77"]
[EventDate "2018.??.??"]

1. Nf3 Nf6 2. c4 e6 3. g3 b6 4. Bg2 Bb7 5. O-O Be7 6. Nc3 O-O 7. b3 c5 8. Bb2
d5 9. e3 Nc6 10. Qe2 d4 11. Nb1 d3 12. Qd1 Qc7 13. Ne1 Rad8 14. Nc3 Rd7 15. f3
Rfd8 16. Rf2 Nb4 17. Bf1 h5 18. a3 Nc6 19. Qb1 Na5 20. Bc1 h4 21. g4 Qc6 22. e4
Nh7 23. Nxd3 Rxd3 24. Bxd3 Bf6 25. Kg2 Nxb3 26. Qxb3 Rxd3 27. Qc2 h3+ 28. Kxh3
Ng5+ 29. Kg2 Nxf3 30. Rxf3 Bxc3 31. Qxd3 Bxa1 32. Qd8+ Kh7 33. Qh4+ Kg8 34.
Qd8+ Kh7 35. d3 Bf6 36. Rh3+ Kg6 37. Qh8 Bd4 38. Qh5+ Kf6 39. Qg5# 1-0